PHARMACEUTICS- TECHNOLOGY-|| (Record no. 7392)

MARC details
000 -LEADER
fixed length control field 00328nam a2200145Ia 4500
008 - FIXED-LENGTH DATA ELEMENTS--GENERAL INFORMATION
fixed length control field 150301s2015 xx 000 0 und d
082 ## - DEWEY DECIMAL CLASSIFICATION NUMBER
Classification number 615.19
Item number P12A
100 ## - MAIN ENTRY--PERSONAL NAME
Personal name AGARWAL
245 ## - TITLE STATEMENT
Title PHARMACEUTICS- TECHNOLOGY-||
250 ## - EDITION STATEMENT
Edition statement 1ST
260 ## - PUBLICATION, DISTRIBUTION, ETC. (IMPRINT)
Name of publisher, distributor, etc. CBS- DELHI
300 ## - PHYSICAL DESCRIPTION
Extent 406
650 ## - SUBJECT ADDED ENTRY--TOPICAL TERM
Topical term or geographic name as entry element PHARMACEUTICS
942 ## - ADDED ENTRY ELEMENTS (KOHA)
Source of classification or shelving scheme Dewey Decimal Classification
Koha item type Books
Koha issues (borrowed), all copies 1
Holdings
Withdrawn status Lost status Source of classification or shelving scheme Damaged status Not for loan Collection code Home library Current library Date acquired Source of acquisition Cost, normal purchase price SGTU Bill Number Total Checkouts Full call number Barcode Date last seen Bill Date Koha item type Date last checked out
    Dewey Decimal Classification     PHARMACY SGT FA-FP Library SGT FA-FP Library 02/07/2015 ABC-DELHI 250.00 SGTU 5118   615.19 P12A FP1451 02/07/2015 21/12/2014 Books  
    Dewey Decimal Classification     PHARMACY SGT FA-FP Library SGT FA-FP Library 02/07/2015 ABC-DELHI 250.00 SGTU 5118   615.19 P12A FP1452 02/07/2015 21/12/2014 Books  
    Dewey Decimal Classification     PHARMACY SGT FA-FP Library SGT FA-FP Library 02/07/2015 ABC-DELHI 250.00 SGTU 5118   615.19 P12A FP1453 02/07/2015 21/12/2014 Books  
    Dewey Decimal Classification     PHARMACY SGT FA-FP Library SGT FA-FP Library 02/07/2015 ABC-DELHI 250.00 SGTU 5118 1 615.19 P12A FP1454 15/11/2022 21/12/2014 Books 02/11/2022
    Dewey Decimal Classification     PHARMACY SGT FA-FP Library SGT FA-FP Library 02/07/2015 ABC-DELHI 250.00 SGTU 5118   615.19 P12A FP1455 02/07/2015 21/12/2014 Books  
    Dewey Decimal Classification     PHARMACY SGT FA-FP Library SGT FA-FP Library 02/07/2015 ABC-DELHI 250.00 SGTU 5118   615.19 P12A FP1456 02/07/2015 21/12/2014 Books  
    Dewey Decimal Classification     PHARMACY SGT FA-FP Library SGT FA-FP Library 02/07/2015 ABC-DELHI 250.00 SGTU 5118 5 615.19 P12A FP1457 06/12/2019 21/12/2014 Books 04/12/2019
    Dewey Decimal Classification     PHARMACY SGT FA-FP Library SGT FA-FP Library 02/07/2015 ABC-DELHI 250.00 SGTU 5118 2 615.19 P12A FP1458 04/12/2019 21/12/2014 Books 27/11/2019
    Dewey Decimal Classification     PHARMACY SGT FA-FP Library SGT FA-FP Library 02/07/2015 ABC-DELHI 250.00 SGTU 5118   615.19 P12A FP1459 02/07/2015 21/12/2014 Books  
    Dewey Decimal Classification     PHARMACY SGT FA-FP Library SGT FA-FP Library 02/07/2015 ABC-DELHI 250.00 SGTU 5118 1 615.19 P12A FP1460 11/11/2019 21/12/2014 Books 09/11/2019